Quizzes
Events
Quiz Creation
Community
Videos
Private Events
Remove Ads
Sign In
Join for FREE
Feedback
Dark Mode
Quiz Categories
Sports
Geography
Music
Movies
Television
Just For Fun
Miscellaneous
History
Literature
Language
Science
Gaming
Entertainment
Religion
Holiday
For Kids
Quiz Lab
Recent
Popular Today
Quiz Kudos Today
Editor Picks
Curator Picks
Quizzes by...
Day
Popularity
Type
Ratings
Length
Year
Community
Subscriptions
Recent Discussions
Orange Saloon
Badges
Playlists
Quests
Create
Leaderboards
Showdown
Live 5
Trivia Bingo
Activity
Puzzle Library
Sporcle Events
Private Events
Virtual Trivia
Globe League
Become a Host
Pub Owners
SporcleCon
Opinionation
Our Games
Videos
Blog
Mobile Apps
Partnerships
Remove Ads and Go Orange
Feedback
Miscellaneous
Crossword
General Knowledge
Baby Names
Logo
Food
Cars
Numbers
Grab Bag
University
College
Popular
Company
Slogans
Restaurants
Justice
Letter
Miscellaneous
Crossword
General Knowledge
Baby Names
Logo
Food
Cars
Numbers
Grab Bag
University
College
Popular
Company
Slogans
Restaurants
Justice
Letter
Random Quiz
Search Sporcle
×
Quiz Lab
Quiz Lab
Miscellaneous
Country
Type in answers that appear in a list
Type in answers that appear in a list
Classic
Best Score? Go Orange.
Postcrossing Country Codes Stats
Can you name the Postcrossing Country Codes?
By
konfuzedwithaK
15m
181 Questions
24 Plays
24 Plays
24 Plays
Comments
Comments
Give Quiz Kudos
Give Quiz Kudos
-
- Ratings
hide this ad
More Info
Forced Order
Answers have to be entered in order
Answers have to be entered in order
Replay
Link that replays current quiz
Next Quiz
Link to next quiz in quiz playlist
You Got
0%
They Got
Avg Score
26%
Avg Friend Score
Upgrade to see
Score Distribution
Jump to the score distribution portion of the page
Score
0/181
Timer
15:00
0
Plays Today
2-Letter Code
Country
% Correct
AF
Afghanistan
79.2%
AU
Australia
66.7%
AD
Andorra
62.5%
AL
Albania
58.3%
AT
Austria
54.2%
BE
Belgium
54.2%
CA
Canada
54.2%
FI
Finland
54.2%
FR
France
54.2%
IN
India
54.2%
JP
Japan
54.2%
RU
Russia
54.2%
BG
Bulgaria
50%
GB
United Kingdom
50%
ID
Indonesia
50%
IT
Italy
50%
NZ
New Zealand
50%
OM
Oman
50%
QA
Qatar
50%
DE
Germany
45.8%
DK
Denmark
45.8%
GH
Ghana
45.8%
HU
Hungary
45.8%
LV
Latvia
45.8%
RO
Romania
45.8%
US
United States of America
45.8%
AM
Armenia
41.7%
AZ
Azerbaijan
41.7%
BB
Barbados
41.7%
ES
Spain
41.7%
FJ
Fiji
41.7%
HN
Honduras
41.7%
HT
Haiti
41.7%
IS
Iceland
41.7%
JM
Jamaica
41.7%
JO
Jordan
41.7%
NL
Netherlands
41.7%
NO
Norway
41.7%
RW
Rwanda
41.7%
TH
Thailand
41.7%
ZW
Zimbabwe
41.7%
AE
United Arab Emirates
37.5%
AG
Antigua and Barbuda
37.5%
AR
Argentina
37.5%
BR
Brazil
37.5%
EE
Estonia
37.5%
GT
Guatemala
37.5%
IE
Ireland
37.5%
KW
Kuwait
37.5%
PT
Portugal
37.5%
SG
Singapore
37.5%
ZM
Zambia
37.5%
BA
Bosnia and Herzegovina
33.3%
BZ
Belize
33.3%
CY
Cyprus
33.3%
CZ
Czech Republic
33.3%
EC
Ecuador
33.3%
GR
Greece
33.3%
MX
Mexico
33.3%
PY
Paraguay
33.3%
UA
Ukraine
33.3%
2-Letter Code
Country
% Correct
UG
Uganda
33.3%
UY
Uruguay
33.3%
BO
Bolivia
29.2%
BS
Bahamas
29.2%
BY
Belarus
29.2%
CN
China
29.2%
CO
Colombia
29.2%
CU
Cuba
29.2%
DJ
Djibouti
29.2%
DM
Dominica
29.2%
DO
Dominican Republic
29.2%
EG
Egypt
29.2%
GY
Guyana
29.2%
HR
Croatia
29.2%
IL
Israel
29.2%
IR
Iran
29.2%
IQ
Iraq
29.2%
KZ
Kazakhstan
29.2%
LB
Lebanon
29.2%
LT
Lithuania
29.2%
LU
Luxembourg
29.2%
NI
Nicaragua
29.2%
SA
Saudi Arabia
29.2%
VE
Venezuela
29.2%
YE
Yemen
29.2%
BF
Burkina Faso
25%
CH
Switzerland
25%
CL
Chile
25%
CR
Costa Rica
25%
ET
Ethiopia
25%
GN
Guinea
25%
KE
Kenya
25%
LY
Libya
25%
PA
Panama
25%
PE
Peru
25%
PK
Pakistan
25%
PL
Poland
25%
SE
Sweden
25%
TR
Turkey
25%
TT
Trinidad and Tobago
25%
TW
Taiwan
25%
UZ
Uzbekistan
25%
VA
Vatican City
25%
ZA
South Africa
25%
AO
Angola
20.8%
BD
Bangladesh
20.8%
BH
Bahrain
20.8%
BT
Bhutan
20.8%
ER
Eritrea
20.8%
GD
Grenada
20.8%
GE
Georgia
20.8%
KG
Kyrgyzstan
20.8%
KR
South Korea
20.8%
LI
Liechtenstein
20.8%
NA
Namibia
20.8%
NP
Nepal
20.8%
PH
Philippines
20.8%
SI
Slovenia
20.8%
SK
Slovakia
20.8%
SY
Syria
20.8%
BN
Brunei
16.7%
2-Letter Code
Country
% Correct
CG
Republic of Congo
16.7%
CV
Cape Verde
16.7%
DZ
Algeria
16.7%
GM
Gambia
16.7%
MY
Malaysia
16.7%
MZ
Mozambique
16.7%
NG
Nigeria
16.7%
RS
Serbia
16.7%
SM
San Marino
16.7%
SR
Suriname
16.7%
TV
Tuvalu
16.7%
TZ
Tanzania
16.7%
BJ
Benin
12.5%
BW
Botswana
12.5%
CD
Democratic Republic of Congo
12.5%
CF
Central African Republic
12.5%
CM
Cameroon
12.5%
FM
Micronesia
12.5%
GQ
Equatorial Guinea
12.5%
KN
St. Kitts and Nevis
12.5%
KP
North Korea
12.5%
LA
Laos
12.5%
LS
Lesotho
12.5%
MC
Monaco
12.5%
MD
Moldova
12.5%
ME
Montenegro
12.5%
MT
Malta
12.5%
MW
Malawi
12.5%
SV
El Salvador
12.5%
TG
Togo
12.5%
TJ
Tajikistan
12.5%
VN
Vietnam
12.5%
CI
Cote d'Ivoire
8.3%
KH
Cambodia
8.3%
LC
St. Lucia
8.3%
LK
Sri Lanka
8.3%
MK
Macedonia
8.3%
ML
Mali
8.3%
MU
Mauritius
8.3%
SD
Sudan
8.3%
SN
Senegal
8.3%
TL
Timor-Leste
8.3%
KM
Comoros
4.2%
LR
Liberia
4.2%
MH
Marshall Islands
4.2%
MM
Myanmar
4.2%
PG
Papua New Guinea
4.2%
SB
Solomon Islands
4.2%
TN
Tunisia
4.2%
VC
St. Vincent and the Grenadines
4.2%
WS
Samoa
4.2%
MA
Morocco
0%
MG
Madagascar
0%
MN
Mongolia
0%
MV
Maldives
0%
SC
Seychelles
0%
ST
Sao Tome and Principe
0%
SZ
Swaziland
0%
TM
Turkmenistan
0%
Quiz Playlist
Details
Report
Send in Message
Add To Playlist
More Info:
DOES NOT include special territories, OR countries that have never sent any postcards.
Classic:
Type in answers that appear in a list
Forced Order:
Answers have to be entered in order
Quiz Source
Last Updated: Feb 16, 2017
Quiz Scoreboard
CHALLENGE
Sign Up to Join the Scoreboard
Show All
Scores
Hide
Comments
May contain spoilers
Recently Published
An Introduction to Baseball
by treessimontrees
Sports
5m
Movies - When Are They Set?
by FPL_Elf
Movies
5m
Popular People in 1961
by mucciniale
History
6m
More to Explore
Quiz From the Vault
Featured Blog Post
Where Did the Easter Bunny Come From?
hide this ad
You Might Also Like...
Tags
Country Quiz
2-letter
code
Today's Top Quizzes in Miscellaneous
Browse Miscellaneous
hide this ad
Today's Top Quizzes in Country
Browse Country
Top Contributed Quizzes in Miscellaneous
1
5-to-1: Fast Food
2
The JOE quick-fire general knowledge quiz: Day 173
3
The JOE quick-fire general knowledge quiz: Day 172
4
The JOE quick-fire general knowledge quiz: Day 174
5
One Thing in Common: United Kingdom II
6
Sunday Crossword: Famous Bodies of Water
7
The JOE quick-fire general knowledge quiz: Day 171
8
5-to-1: Cocktails
9
Named After an Animal - Odd One Out!
10
The JOE quick-fire quiz: Day 170
Explore More
Trending Topics
Disney
NBA
Kpop
Crossword
Anime
Marvel
Harry Potter
Country
Pokémon
NFL
The Office
WWE
Song
Soccer
Puzzle
hide this ad
More By:
konfuzedwithaK
Quiz
Plays
Rating
Category
Featured
Created
Postcrossing Country Codes
24
Miscellaneous
Aug 14, 2011
Go to Creator's Profile
Score Distribution
Quiz Creator Spotlight
konfuzedwithaK
Follow
Send a Message
Quizzes Created
-
Created Quiz Play Count
-
More By This Creator
Popular Quizzes Today
1
Find the Countries of Europe - No Outlines Minefield
2
Find the US States - No Outlines Minefield
3
The Countries of the World
4
Popular People in 1961
5
US States
6
Find the US States
7
1-10 Letter E Words III
8
Risky Map Clicking: Biggest States A-Z
More Miscellaneous Quizzes
Missing Word: Actors-in-Chief
Quiz Lab
Trending Quizzes
Risky Map Clicking: Least Populous States A-Z
1-10 Letter F Words
1-10 Letter G Words
One Thing in Common: United Kingdom
Risky Map Clicking: Next State Alphabetically
Recently Updated
Leaping Animals
pecheneg
Reality TV Shows (A-Z)
bhenderson79
Rickey Henderson's Hall of Fame Teammates
pecheneg
Champions League XIs: Arsenal
pecheneg
Quick Pick: Celebrities in WWE's Hall of Fame
aduchscher
A-Z Keypad Blitz II
pecheneg
Multiple Oscar Actors
pecheneg
Mystery Phrase Blitz: Oscar 'Best Actors'
pecheneg
F. Scott Fitzgerald Novels
LTH
Pick 3 Villains
ddd62291
Trending Topics
Kpop
Crossword
Disney
NBA
Marvel
Anime
Harry Potter
Song
Soccer
NFL
Pokémon
Country
Puzzle
The Office
WWE
Your Account Isn't Verified!
In order to create a playlist on Sporcle, you need to verify the email address you used during registration. Go to your
Sporcle Settings
to finish the process.
Report this User
Report this user for behavior that violates our
Community Guidelines
.
Details:
Send Report
Go to the Sporcle.com Mobile Site →
Comments